000 00899nam a22001935i 4500
001 156833
003 ES-MaACL
005 20250702210746.0
008 040805s1893 fr |||| | fre d
040 _aCAM
_bspa
_cCAM
100 1 _aLachau, Charles.
_9128558
245 1 0 _aDe la compétence des tribunaux français a l'égard des étrangers en matière civile et commerciale d'après la jurisprudence française
_b: avec le texte des principaux arrêts et jugements /
_cpar Charles Lachau.
260 _aParis :
_bLibrairie du Recueil Général des Lois et des Arrèts et du Journal du Palais, L. Larose et Forcel éditeurs,
_c1893 (
_eChateauroux :
_fTyp. et stéréotyp. A. Majesté)
300 _aXXXVII, 468 p. ;
_c23 cm.
650 4 _aJusticia-
_zFrancia.
_9222668
651 4 _aFrancia-
_xInmigración
_98704
852 _aES-MaACL
_jF-1128
_z-- Rust. deteriorada
999 _c156833
_d156833